| 000 | 00578nam a2200193 4500 | ||
|---|---|---|---|
| 001 | 23626 | ||
| 005 | 20230410115545.0 | ||
| 008 | 060907n2002 dr spa | ||
| 020 | _a0881323381 | ||
| 035 | _9funglode23794 | ||
| 041 | _aEN | ||
| 050 | 1 | 4 | _aHF 1600.5 H517e 2002 |
| 100 | _aHenning, C. Randall | ||
| 245 | 1 |
_aEast Asian financial cooperation / _cC. Randall Henning |
|
| 260 |
_aWashington : _bInstitute for International Economics, _c2002 |
||
| 300 | _axiii, 122 p. | ||
| 440 |
_aPolicy Analyses in International Economics ; _v68 |
||
| 942 |
_2lcc _cbk |
||
| 999 |
_c43530 _d43530 |
||